EU Länder (mit Karte) - Statistiken

Allgemein
  • Dieses Quiz wurde 170 mal gespielt
  • Das Durchschnittsergebnis liegt bei 25 aus 27
Antworten auf der Karte
Die Antworten werden auf der Karte rot bzw. grün angezeigt, abhängig davon wie oft sie richtig erraten wurden.
 
Antwortstatistiken
Antwort % Korrekt
Deutschland
98%
Frankreich
98%
Polen
98%
Spanien
98%
Dänemark
97%
Estland
97%
Finnland
97%
Italien
97%
Österreich
97%
Portugal
97%
Schweden
96%
Lettland
95%
Niederlande
95%
Tschechien
95%
Belgien
94%
Griechenland
94%
Irland
94%
Litauen
94%
Slowakei
94%
Slowenien
94%
Kroatien
92%
Luxemburg
92%
Rumänien
91%
Ungarn
91%
Bulgarien
88%
Malta
81%
Zypern
81%
Keine übereinstimmenden Quizze gefunden
Verteilung der Resultate
Anzahl Personen mit jedem Resultat
Perzentil nach korrekt beantworteten Fragen
Ihre Resultats-Entwicklung
Sie haben dieses Quiz noch nicht gespielt